|
|
|
|
| LEADER |
00000nam0a2200000 4500 |
| 001 |
374523 |
| 005 |
20231102012647.0 |
| 010 |
|
|
|a 5020286583
|
| 020 |
|
|
|a RU
|b 90-31446
|
| 035 |
|
|
|a (RuTPU)RU\TPU\retro\31957
|
| 035 |
|
|
|a RU\TPU\book\250383
|
| 090 |
|
|
|a 374523
|
| 100 |
|
|
|a 20221219d1990 k y0rusy5003 ca
|
| 101 |
0 |
|
|a rus
|
| 102 |
|
|
|a RU
|
| 105 |
|
|
|a y z 001zy
|
| 200 |
1 |
|
|a Некорректные задачи со случайными ошибками в данных
|f А. М. Федотов
|g Академия наук СССР (АН СССР), Сибирское отделение (СО), Красноярский научный центр ; отв. ред. М. М. Лаврентьев
|
| 210 |
|
|
|a Новосибирск
|c Наука
|d 1990
|
| 215 |
|
|
|a 280 с.
|d 22 см
|
| 320 |
|
|
|a Библиогр.: с. 267-276 (197 назв.).
|
| 320 |
|
|
|a Предм. указ.: с. 277-279.
|
| 606 |
1 |
|
|a Некорректные задачи
|x (математика)
|2 stltpush
|3 (RuTPU)RU\TPU\subj\41192
|9 61004
|
| 610 |
1 |
|
|a математические задачи
|
| 610 |
1 |
|
|a приближенные решения
|
| 610 |
1 |
|
|a оптимальные решающие процедуры
|
| 610 |
1 |
|
|a линейные решающие процедуры
|
| 610 |
1 |
|
|a конечномерные решающие процедуры
|
| 610 |
1 |
|
|a информационные неравенства
|
| 610 |
1 |
|
|a точность
|
| 610 |
1 |
|
|a оценивание
|
| 610 |
1 |
|
|a погрешности
|
| 610 |
1 |
|
|a асимптотическое поведение
|
| 610 |
1 |
|
|a байесовские решающие процедуры
|
| 610 |
1 |
|
|a несмещенность
|
| 675 |
|
|
|a 519.6
|z rus
|v 3
|
| 700 |
|
1 |
|a Федотов
|b А. М.
|g Анатолий Михайлович
|4 070
|
| 702 |
|
1 |
|a Лаврентьев
|b М. М.
|4 340
|
| 712 |
0 |
2 |
|a Академия наук СССР (АН СССР)
|b Сибирское отделение (СО)
|b Красноярский научный центр
|c (Красноярск)
|2 stltpush
|3 (RuTPU)RU\TPU\col\17803
|
| 801 |
|
0 |
|a RU
|b RuMRKP
|c 19950417
|g psbo
|
| 801 |
|
1 |
|a RU
|b 63413507
|c 20130115
|
| 801 |
|
2 |
|a RU
|b 63413507
|c 20221219
|g RCR
|
| 942 |
|
|
|c BK
|